Sistemas de control automático
Sparad:
| Huvudupphovsman: | |
|---|---|
| Materialtyp: | Okänd |
| Publicerad: |
México : Prentice Hall Hispanoamericana
1996
|
| Upplaga: | Se |
| Ämnen: | |
| Taggar: |
Lägg till en tagg
Inga taggar, Lägg till första taggen!
|
MARC
| LEADER | 00000 a2200000 4500 | ||
|---|---|---|---|
| 003 | 000816 | ||
| 005 | 20230731133526.0 | ||
| 008 | 140114s1996 m a 000 ||s d | ||
| 040 | |c cru CEDI | ||
| 100 | |a Kuo, Benjamin C |9 18698 | ||
| 245 | |a Sistemas de control automático | ||
| 250 | |a Se | ||
| 260 | |a México : Prentice Hall Hispanoamericana |c 1996 | ||
| 300 | |a xxiv, 897 páginas : ilustraciones | ||
| 500 | |a Traducción de: Automatic control systems | ||
| 650 | |x CONTROL AUTOMATICO |x TEORIA DEL CONTROL |x SISTEMAS DE CONTROL DE RETROALIMENTACION |x SISTEMAS DE CONTROL LINEAL |9 18700 | ||
| 942 | |c CEDI |h 629.831.2 K96si |6 629_831000000000000_2_K96SI | ||
| 999 | |c 12980 |d 12980 | ||
